000 04006nam a22002537a 4500
003 URS
005 20250717112415.0
008 250717b |||||||| |||| 00| 0 eng d
050 _aBSE-TLE
_b.C696 2014
100 _aColis, Angie Licha B.,
_eauthor.
245 _aClassroom management problems of URS Taytay BSE-TLE graduates during their first year of teaching in public schools /
_cAngie Licha B. Colis, and Versilda C. Palasan.
260 _c©2014.
300 _aix, 63 leaves :
_billustrations (some colour) ;
_c28 cm.
336 _2rdacontent
_atext
336 _2rdacontent
_astill image
337 _2rdamedia
_aunmediated
338 _2rdacarrier
_avolume
502 _aThesis
_bBachelor of Secondary Education Major in Technology an Livelihood Education
_cUniversity of Rizal System - Taytay
_d2014
504 _aIncludes bibliographical references.
520 _aThis study focused on determining the classroom management problems of URS Taytay BSE-TLE graduate school year 2010-2012 who are now teaching in different public school. In accomplishing the thesis utilized the descriptive method in order to assess and describe the extend problems of BSE-TLE graduates. To determine the problems of the respondents during their first year of teaching the researchers utilized the adaptive questionnaire checklist the purposive sampling technique was used in selecting the respondents. To determine the profile of the respondents in terms of age, civil status, sex, and year graduated frequency, percentage and rank distribution were used. To determine the classroom management problems in terms of physical condition of the room, routinary procedure, behavioral problems with the students, and disciplinary problems of the students, weighted mean and standard deviation were used. To determine if there is significant difference on the level of classroom management problems met by the respondents across their profile. One-way analysis of variance (ANOVA) was used. The result of the study in the profile of the respondents revealed that most of them were female, below 25 years old who graduated in the school year 2011. In the classroom management problem in terms of physical condition of the room, routinary problems, behavioral problems with the students, and disciplinary problem general average interpretation is not serious problem In determining the level of classroom management problems of the respondent across their profile, it was found out not serious in terms of age, civil status, sex, and year graduated. Furthermore, there is also no significant difference on the level of classroom management in terms of physical condition of the room, routinary problems, behavioral problems and disciplinary problem, therefore the null hypothesis is accepted. Based on the findings, it is concluded therefore that different variables such as age, civil status, sex, and year graduated have no significant difference on the problems of BSE-TLE graduates. Only serious problem gleaned from the research was the problem of maintaining a clean and orderly class room and students who talk and whisper during class period, cut classes /absenteeism and "learners did inappropriate behavior during unguarded moment." Based on such findings, BSE-TLE teachers should monitor students learning behavior by imposing, interesting, challenging activities thereby keeping the students busy and motivated in active participation, administrators as well, should ensure that well ventilated classroom and good classroom atmosphere are prepared for the learners. Even the school facilities and materials that students may use in learning must be readily available for students to acquire better learning. Teachers must conduct frequent home visitation and communicate with the parents about their children's tardiness.
700 _aPalasan, Versilda C.,
_eauthor.
856 _3Online Request for Student Unpublished Works
_uhttps://forms.gle/7LqvGGkaDrUQqz429
942 _2lcc
_cT
999 _c83665
_d83664